| 000 | 00390nam a22001457a 4500 | ||
|---|---|---|---|
| 020 | _a9789380358963 | ||
| 082 | _a604.2 BHA | ||
| 100 |
_aBhatt, N.D. _910018 |
||
| 245 | _aENGINEERING DRAWING :Plane and Solid geometry | ||
| 250 | _a53rd | ||
| 260 |
_aIndia _bCharotar _c2016 |
||
| 300 |
_axvi,719 P _eCD-ROM |
||
| 650 |
_aEngineering Drawing Plane and solid geometry _972533 |
||
| 942 | _cBK | ||
| 999 |
_c578534 _d578534 |
||